Most Populous Cities in the World - Statistics

General Stats
  • This quiz has been taken 73 times
  • The average score is 30 of 40
Answer Stats
Country Population City % Correct
Japan 37,036,200 Tokyo
100%
Egypt 23,074,200 Cairo
95%
France 11,346,800 Paris
95%
China 22,596,500 Beijing
94%
Mexico 22,752,400 Mexico City
94%
Brazil 13,923,200 Rio de Janeiro
94%
India 34,665,600 Delhi
92%
United Kingdom 9,840,740 London
92%
Russia 12,737,400 Moscow
92%
South Korea 10,025,800 Seoul
92%
China 30,482,100 Shanghai
92%
Türkiye 16,236,700 Istanbul
90%
Indonesia 11,634,100 Jakarta
89%
Thailand 11,391,700 Bangkok
87%
Argentina 15,752,300 Buenos Aires
87%
Peru 11,517,300 Lima
87%
India 22,089,000 Mumbai
87%
Brazil 22,990,900 Sao Paulo
87%
Iran 9,729,740 Tehran
86%
Colombia 11,795,800 Bogota
84%
Philippines 15,230,600 Manila
84%
Japan 18,921,600 Osaka
83%
Nigeria 17,156,400 Lagos
81%
Bangladesh 24,652,900 Dhaka
75%
Vietnam 9,816,320 Ho Chi Minh City
73%
D.R. Congo 17,778,500 Kinshasa
71%
China 14,878,900 Guangzhou
68%
Pakistan 18,076,800 Karachi
67%
India 15,845,200 Kolkata
65%
Angola 10,027,900 Luanda
62%
China 13,545,400 Shenzhen
56%
China 18,171,200 Chongqing
51%
Pakistan 14,825,800 Lahore
51%
China 9,998,870 Chengdu
49%
India 12,336,000 Chennai
49%
India 11,337,900 Hyderabad
48%
Japan 9,534,790 Nagoya
46%
India 14,395,400 Bangalore
44%
China 10,174,900 Nanjing
37%
China 14,704,100 Tianjin
35%
No matching quizzes found
Score Distribution
Percent of People with Each Score
Percentile by Number Answered
Your Score History
You have not taken this quiz